| LEADER |
00944nam0a2200217 450 |
| 001 |
16824103 |
| 010 |
|
|
|a 978-2-07-055275-7
|b rel.
|d 5,6
|
| 100 |
|
|
|a 20101231d2026 u u0frey01 ba
|
| 101 |
0 |
|
|a fre
|
| 102 |
|
|
|a FR
|
| 200 |
0 |
|
|a Leçons de géoravie
|f Pef
|
| 207 |
|
1 |
|a
|
| 210 |
|
|
|a [Paris]
|c Gallimard jeunesse
|d DL 2010
|
| 215 |
|
|
|a 36 p.
|c ill. en coul., couv. ill. en coul.
|d 18 cm
|
| 225 |
1 |
|
|a Folio Cadet
|v 291
|x 0293-891X
|
| 330 |
|
|
|a La Princesse Dézécolle se sent à l'étroit dans sa classe... Le Prince de Motordu lui conseille donc de prendre l'autoplus scolaire avec ses élèves, pour découvrir le vaste monde... La Princesse prend le volant et charge son mari de leur enseigner la géoravie...
|
| 461 |
|
0 |
|t (Les )aventures de la famille Motordu
|
| 700 |
|
0 |
|a Pef
|f 1939-....
|4 70
|
| 900 |
|
|
|a Roman (enfants)
|
| 901 |
|
|
|a Jeunesse
|
| 995 |
|
|
|a Médiathèque
|c Médiathèque
|f 089011285
|h 089011285
|k E PEF
|o p
|q j
|r az
|e Médiathèque
|